[Event "Torneo Pueblo Nuevo Preparatorio 2007"]
[Site "Madrid ESP"]
[Date "2007.05.19"]
[Round "1.1"]
[White "Collado Barbas, Alberto"]
[Black "Perez Martinez, Jose Manuel"]
[Result "0-1"]
[WhiteElo "1855"]
[BlackElo "1984"]
[PlyCount "80"]
[EventDate "2007.05.19"]
[EventType "tourn"]
[EventRounds "9"]
[EventCountry "ESP"]
[Source "lmi"]
[SourceDate "2007.05.19"]

1. d4 Nf6 2. Nf3 g6 3. c4 Bg7 4. Nc3 d6 5. e4 O-O 6. Be3 c6 7. Be2 Qc7 8. O-O
Nbd7 9. Qd2 Re8 10. Rfd1 a6 11. b4 Nf8 12. Rac1 Ng4 13. Bf4 Ne6 14. Be3 Nxe3
15. fxe3 Nf8 16. d5 Nd7 17. Kh1 Ne5 18. Nxe5 Bxe5 19. Na4 Bd7 20. Nb2 Bg7 21.
Rf1 Qb6 22. Rb1 Bh6 23. Nd1 a5 24. a3 axb4 25. axb4 Ra3 26. Rf3 Rea8 27. e5 Bg4
28. Rg3 Ra2 29. Rb2 Rxb2 30. Qxb2 Bxe2 31. Qxe2 Qxb4 32. e6 fxe6 33. dxe6 Rf8
34. h4 Rf6 35. Qg4 Qe1+ 36. Kh2 Rf1 37. Nf2 Qxf2 38. Rf3 Qg1+ 39. Kg3 Rxf3+ 40.
Qxf3 Qxe3 0-1

[Event "Torneo Pueblo Nuevo Preparatorio 2007"]
[Site "Madrid ESP"]
[Date "2007.05.19"]
[Round "1.2"]
[White "Sotnikov, Taras"]
[Black "Aziz Ortego, Omar Luis"]
[Result "0-1"]
[WhiteElo "1944"]
[BlackElo "2112"]
[PlyCount "88"]
[EventDate "2007.05.19"]
[EventType "tourn"]
[EventRounds "9"]
[EventCountry "ESP"]
[Source "lmi"]
[SourceDate "2007.05.19"]

1. e4 d6 2. d4 Nf6 3. Nc3 g6 4. Nf3 Bg7 5. Be2 O-O 6. O-O c6 7. Be3 b5 8. a3
Bb7 9. Qd2 a5 10. Bd3 e5 11. dxe5 dxe5 12. Bh6 Nbd7 13. Bxg7 Kxg7 14. Rfe1 Qe7
15. a4 b4 16. Ne2 Rad8 17. Ng3 Kh8 18. Qe2 Nc5 19. Bc4 Nfd7 20. b3 Nb6 21. Rad1
Nxc4 22. bxc4 Nxa4 23. Ra1 Nc3 24. Qe3 Ra8 25. h4 c5 26. h5 gxh5 27. Qh6 Ra6
28. Qxh5 f6 29. Nh4 Qf7 30. Qf3 Qxc4 31. Nhf5 a4 32. Qg4 Qf7 33. f3 Qg6 34. Qh3
Rg8 35. Kf2 Bc8 36. Rh1 Ra7 37. Rh2 Qg4 38. Nf1 Qf4 39. Kg1 a3 40. g4 Bxf5 41.
exf5 e4 42. fxe4 Rxg4+ 43. Rg2 Ne2+ 44. Kh1 Rh4 0-1

[Event "Torneo Pueblo Nuevo Preparatorio 2007"]
[Site "Madrid ESP"]
[Date "2007.05.19"]
[Round "1.4"]
[White "Vazquez Torres, Adrian"]
[Black "Collado Barbas, Laura"]
[Result "0-1"]
[WhiteElo "1787"]
[BlackElo "1882"]
[PlyCount "168"]
[EventDate "2007.05.19"]
[EventType "tourn"]
[EventRounds "9"]
[EventCountry "ESP"]
[Source "lmi"]
[SourceDate "2007.05.19"]

1. e4 c6 2. d4 d5 3. exd5 cxd5 4. Nc3 Nf6 5. Nf3 Nc6 6. Be2 Bg4 7. O-O e6 8.
Bf4 Bd6 9. Bxd6 Qxd6 10. Re1 O-O 11. Qd2 Bxf3 12. Bxf3 a6 13. a3 b5 14. Na2
Rfc8 15. c3 Nd7 16. Nc1 a5 17. Nd3 a4 18. Nf4 Na5 19. Nh3 Nb3 20. Qe2 Nxa1 21.
Rxa1 Rab8 22. Re1 Re8 23. Bh5 g6 24. Bf3 e5 25. Qd2 e4 26. Be2 Kg7 27. Bf1 Nf6
28. Re3 Nh5 29. Qd1 Nf4 30. Qg4 Nxh3+ 31. Rxh3 Qe7 32. Qf4 h5 33. Be2 Qf6 34.
Qg3 Kf8 35. Qe3 Ke7 36. Qg3 Kd7 37. Rh4 Kc6 38. Rf4 Qe7 39. Kf1 Red8 40. Qe3
Rd6 41. f3 f5 42. fxe4 fxe4 43. Qf2 Rb7 44. Rf8 Qg5 45. g3 Kb6 46. Kg2 h4 47.
Qf1 hxg3 48. hxg3 Qd2 49. Kg1 Qxb2 50. Rf6 Rxf6 51. Qxf6+ Ka7 52. Qd8 Qxc3 53.
Qxd5 Qe1+ 54. Bf1 Qe3+ 55. Kg2 Qf3+ 56. Kg1 Qxg3+ 57. Bg2 Qe1+ 58. Bf1 Qe3+ 59.
Kg2 Qxa3 60. Qxe4 Qb2+ 61. Be2 a3 62. Qe5 Qc2 63. Qe3 Qa4 64. d5+ Ka6 65. Qe6+
Ka5 66. Qd6 a2 67. Qd8+ Kb4 68. Qf8+ Kc3 69. Qf3+ Kb2 70. Qf6+ Ka3 71. Qc3+ Qb3
72. Qa5+ Kb2 73. Qd2+ Qc2 74. Qb4+ Ka1 75. Qe1+ Kb2 76. Qb4+ Qb3 77. Qd2+ Kb1
78. Bd3+ Ka1 79. Kg3 b4 80. Kg4 Qc3 81. Qd1+ Kb2 82. Qe2+ Ka3 83. Be4 a1=Q 84.
Qa6+ Kb3 0-1

[Event "Torneo Pueblo Nuevo Preparatorio 2007"]
[Site "Madrid ESP"]
[Date "2007.05.19"]
[Round "1.5"]
[White "Fernandez Lledo, Javier"]
[Black "Sanchez-Alarcos Galian, Victor"]
[Result "0-1"]
[WhiteElo "1890"]
[BlackElo "1920"]
[PlyCount "44"]
[EventDate "2007.05.19"]
[EventType "tourn"]
[EventRounds "9"]
[EventCountry "ESP"]
[Source "lmi"]
[SourceDate "2007.05.19"]

1. e4 e5 2. Nf3 Nc6 3. d4 exd4 4. Nxd4 Bb4+ 5. c3 Be7 6. Nxc6 bxc6 7. Be3 Nf6
8. Bd3 d6 9. O-O O-O 10. h3 a5 11. Qe2 Nd7 12. f4 d5 13. e5 Nc5 14. Bc2 Ba6 15.
Qh5 g6 16. Qh6 Re8 17. f5 Bf8 18. fxg6 Bxh6 19. gxf7+ Kh8 20. fxe8=Q+ Qxe8 21.
Bxh6 Bxf1 22. Kxf1 Qxe5 0-1

[Event "Torneo Pueblo Nuevo Preparatorio 2007"]
[Site "Madrid ESP"]
[Date "2007.05.20"]
[Round "2.1"]
[White "Perez Martinez, Jose Manuel"]
[Black "Sanchez-Alarcos Galian, Victor"]
[Result "0-1"]
[WhiteElo "1984"]
[BlackElo "1920"]
[PlyCount "50"]
[EventDate "2007.05.19"]
[EventType "tourn"]
[EventRounds "9"]
[EventCountry "ESP"]
[Source "lmi"]
[SourceDate "2007.05.19"]

1. e4 e5 2. Nf3 Nc6 3. Bc4 Bc5 4. O-O Nf6 5. d3 d6 6. h3 a6 7. Nc3 Na5 8. Bb3
h6 9. d4 Nxb3 10. axb3 exd4 11. Nxd4 O-O 12. Re1 Re8 13. Nf3 Bd7 14. Qd3 Bc6
15. Nd5 Nxd5 16. exd5 Rxe1+ 17. Nxe1 Qf6 18. Nf3 Bd7 19. c3 Re8 20. c4 Re1+ 21.
Nxe1 Qxf2+ 22. Kh2 Qg1+ 23. Kg3 Qxe1+ 24. Kh2 Bg1+ 25. Kh1 Bf2+ 0-1

[Event "Torneo Pueblo Nuevo Preparatorio 2007"]
[Site "Madrid ESP"]
[Date "2007.05.20"]
[Round "2.2"]
[White "Collado Barbas, Laura"]
[Black "Fernandez Lledo, Javier"]
[Result "0-1"]
[WhiteElo "1882"]
[BlackElo "1890"]
[PlyCount "92"]
[EventDate "2007.05.19"]
[EventType "tourn"]
[EventRounds "9"]
[EventCountry "ESP"]
[Source "lmi"]
[SourceDate "2007.05.19"]

1. d4 d5 2. c4 c6 3. Nf3 Nf6 4. e3 Bf5 5. Qb3 Qb6 6. c5 Qxb3 7. axb3 Nbd7 8.
Nc3 a6 9. b4 Rc8 10. Be2 h6 11. h4 e6 12. Ne5 Nxe5 13. dxe5 Nd7 14. g4 Be4 15.
f3 Bg6 16. f4 Be7 17. h5 Bh7 18. Rg1 f6 19. exf6 gxf6 20. Kf2 e5 21. Bd2 exf4
22. exf4 Nxc5 23. bxc5 Bxc5+ 24. Kg2 Bxg1 25. Rxg1 d4 26. Nd1 Be4+ 27. Bf3
Bxf3+ 28. Kxf3 c5 29. Nf2 b6 30. Ne4 Rc6 31. Re1 Kf7 32. Ng3 a5 33. f5 a4 34.
Ne4 Kg7 35. Rc1 Ra8 36. Ra1 b5 37. Ke2 b4 38. Kd3 a3 39. b3 c4+ 40. Kc2 d3+ 41.
Kb1 c3 42. Kc1 Re8 43. Ng3 cxd2+ 44. Kxd2 Rc2+ 45. Kd1 Rg2 46. Nf1 Ree2 0-1

[Event "Torneo Pueblo Nuevo Preparatorio 2007"]
[Site "Madrid ESP"]
[Date "2007.05.20"]
[Round "2.4"]
[White "Aziz Ortego, Omar Luis"]
[Black "Martin Prieto, Oscar"]
[Result "0-1"]
[WhiteElo "2112"]
[BlackElo "2154"]
[PlyCount "90"]
[EventDate "2007.05.19"]
[EventType "tourn"]
[EventRounds "9"]
[EventCountry "ESP"]
[Source "lmi"]
[SourceDate "2007.05.19"]

1. d4 Nf6 2. c4 c5 3. d5 b5 4. Nd2 Qa5 5. Qc2 bxc4 6. e4 g6 7. Ngf3 Bg7 8. Bxc4
O-O 9. O-O d6 10. Rb1 Nbd7 11. b3 Ne8 12. Bb2 Bxb2 13. Qxb2 Nc7 14. Rfe1 f6 15.
Nh4 Ba6 16. f4 Nb6 17. Qc2 Nxc4 18. bxc4 e5 19. dxe6 Nxe6 20. Qd3 Nxf4 21. Qxd6
Rad8 22. Qxf4 Qxd2 23. Qg3 Rd3 24. Rbd1 Qxd1 25. Rxd1 Rxg3 26. hxg3 Bxc4 27.
Rc1 Bxa2 28. Rxc5 Rf7 29. Kf2 Bb1 30. Ke3 Re7 31. e5 Rxe5+ 32. Rxe5 fxe5 33.
Nf3 e4 34. Ne5 Kg7 35. Kd4 Bd3 36. g4 Kf6 37. Nc6 a6 38. g3 Kg5 39. Ne5 a5 40.
Kc3 a4 41. Kb4 a3 42. Kxa3 Bb5 43. Kb4 Kf6 44. Nc4 Bxc4 45. Kxc4 Kg5 0-1

[Event "Torneo Pueblo Nuevo Preparatorio 2007"]
[Site "Madrid ESP"]
[Date "2007.05.20"]
[Round "2.5"]
[White "Collado Barbas, Alberto"]
[Black "Sotnikov, Taras"]
[Result "0-1"]
[WhiteElo "1855"]
[BlackElo "1944"]
[PlyCount "54"]
[EventDate "2007.05.19"]
[EventType "tourn"]
[EventRounds "9"]
[EventCountry "ESP"]
[Source "lmi"]
[SourceDate "2007.05.19"]

1. d4 Nf6 2. Nf3 e6 3. Bg5 d5 4. e3 Be7 5. Bd3 O-O 6. Nbd2 Nbd7 7. c3 Re8 8.
O-O b6 9. Ne5 Bb7 10. f4 c5 11. Qf3 a6 12. g4 Nf8 13. Bxf6 gxf6 14. g5 fxe5 15.
fxe5 Bxg5 16. Qxf7+ Kh8 17. Rf3 Re7 18. Qh5 Qe8 19. Qh3 Rg7 20. Kh1 cxd4 21.
cxd4 Qe7 22. Rg1 Nd7 23. Rfg3 Rag8 24. Nf3 Nf8 25. Rf1 Bxe3 26. Rxg7 Qxg7 27.
b4 Qg4 0-1

[Event "Torneo Pueblo Nuevo Preparatorio 2007"]
[Site "Madrid ESP"]
[Date "2007.05.26"]
[Round "3.1"]
[White "Sotnikov, Taras"]
[Black "Perez Martinez, Jose Manuel"]
[Result "1/2-1/2"]
[WhiteElo "1944"]
[BlackElo "1984"]
[PlyCount "135"]
[EventDate "2007.05.19"]
[EventType "tourn"]
[EventRounds "9"]
[EventCountry "ESP"]
[Source "lmi"]
[SourceDate "2007.05.19"]

1. e4 e5 2. Nf3 Nc6 3. Bc4 Bc5 4. c3 Nf6 5. d4 Bd6 6. O-O h6 7. Re1 O-O 8. Nbd2
Re8 9. b3 a6 10. Bb2 b5 11. Bd3 Bb7 12. Qc2 Nh5 13. d5 Na7 14. c4 c5 15. Nf1
Nf4 16. Ne3 Bc7 17. g3 Nxd3 18. Qxd3 d6 19. Nf5 Bc8 20. N3h4 bxc4 21. bxc4 Rb8
22. Bc1 Bxf5 23. Nxf5 Qf6 24. Qf3 Kh7 25. Qa3 a5 26. Bd2 Nc8 27. f4 exf4 28.
gxf4 Ne7 29. Bc3 Qg6+ 30. Ng3 Qg4 31. Bd2 Ng6 32. Qe3 Nh4 33. Kf2 Qh3 34. Rg1
Qxh2+ 35. Kf1 Qh3+ 36. Kf2 Rb2 37. Nf1 Qxe3+ 38. Kxe3 Nf5+ 39. Kd3 Nd4 40. Rg3
f5 41. exf5 Nxf5 42. Rg4 Bd8 43. Ng3 Nxg3 44. Rxg3 Bf6 45. Bxa5 Rf2 46. Bc3
Bxc3 47. Kxc3 Rxf4 48. a4 Ree4 49. Kb2 Rxc4 50. a5 Rb4+ 51. Rb3 Rxb3+ 52. Kxb3
Rb4+ 53. Kc3 g5 54. a6 Rb8 55. Kc4 Kg6 56. a7 Ra8 57. Ra6 Kf5 58. Rxd6 Rxa7 59.
Rxh6 Rc7 60. d6 Rc8 61. d7 Rd8 62. Rd6 g4 63. Kxc5 g3 64. Kc6 g2 65. Rd1 Kf4
66. Kc7 Rg8 67. d8=Q Rxd8 68. Kxd8 1/2-1/2

[Event "Torneo Pueblo Nuevo Preparatorio 2007"]
[Site "Madrid ESP"]
[Date "2007.05.20"]
[Round "3.4"]
[White "Fernandez Lledo, Javier"]
[Black "Prieto Honorato, Juan Maria"]
[Result "0-1"]
[WhiteElo "1890"]
[BlackElo "2148"]
[PlyCount "85"]
[EventDate "2007.05.19"]
[EventType "tourn"]
[EventRounds "9"]
[EventCountry "ESP"]
[Source "lmi"]
[SourceDate "2007.05.19"]

1. e4 g6 2. d4 Bg7 3. Nf3 c6 4. c4 d5 5. cxd5 cxd5 6. exd5 Nf6 7. Bc4 a6 8. Ne5
O-O 9. Qf3 b5 10. Bb3 Bb7 11. Nc6 Qd7 12. Ne5 Qd6 13. Bf4 Bxd5 14. Nxf7 Qe6+
15. Ne5 Nc6 16. Nc3 Nxd4 17. Qxd5 Nxd5 18. Bxd5 Rxf4 19. Bxe6+ Nxe6 20. Nd3 Rd4
21. Ke2 Rad8 22. Rad1 b4 23. Na4 Re4+ 24. Kd2 Nd4 25. Nac5 Bh6+ 26. f4 Re2+ 27.
Kc1 Rc8 28. Kb1 a5 29. Rhe1 Rxg2 30. Rxe7 Bf8 31. Re5 Nf3 32. Rd5 Nd2+ 33. Ka1
Nc4 34. Rc1 Nb6 35. Re5 Bg7 36. Re7 a4 37. Re4 a3 38. Rce1 axb2+ 39. Kb1 Nd5
40. Na4 Nc3+ 41. Nxc3 bxc3 42. Nb4 c2+ 43. Nxc2 0-1

[Event "Torneo Pueblo Nuevo Preparatorio 2007"]
[Site "Madrid ESP"]
[Date "2007.06.10"]
[Round "4.3"]
[White "Aziz Ortego, Omar Luis"]
[Black "Fernandez Lledo, Javier"]
[Result "1-0"]
[WhiteElo "2112"]
[BlackElo "1890"]
[PlyCount "69"]
[EventDate "2007.05.19"]
[EventType "tourn"]
[EventRounds "9"]
[EventCountry "ESP"]
[Source "lmi"]
[SourceDate "2007.05.19"]

1. d4 d5 2. Nf3 Nf6 3. Bf4 Bf5 4. e3 e6 5. c4 Bxb1 6. Rxb1 Bb4+ 7. Ke2 Ne4 8.
Qa4+ Nc6 9. Ne5 Bd6 10. Nxc6 Qd7 11. Bxd6 cxd6 12. cxd5 exd5 13. f3 Nf6 14. Kf2
bxc6 15. Bd3 O-O 16. Rhc1 Rfc8 17. Rc3 Rab8 18. g4 g6 19. b4 c5 20. Qxd7 Nxd7
21. bxc5 Rxb1 22. Bxb1 dxc5 23. dxc5 Rxc5 24. Rxc5 Nxc5 25. a3 Na4 26. Ba2 Nb6
27. Ke2 Kf8 28. Kd3 Ke7 29. Kd4 Kd6 30. g5 a6 31. f4 Ke7 32. Bxd5 Nd7 33. e4 f6
34. h4 Kd6 35. gxf6 1-0

[Event "Torneo Pueblo Nuevo Preparatorio 2007"]
[Site "Madrid ESP"]
[Date "2007.06.02"]
[Round "4.4"]
[White "Collado Barbas, Alberto"]
[Black "Vazquez Torres, Adrian"]
[Result "1-0"]
[WhiteElo "1855"]
[BlackElo "1787"]
[PlyCount "59"]
[EventDate "2007.05.19"]
[EventType "tourn"]
[EventRounds "9"]
[EventCountry "ESP"]
[Source "lmi"]
[SourceDate "2007.05.19"]

1. d4 d5 2. Nf3 Nf6 3. Bg5 Nbd7 4. e3 e6 5. Bd3 Be7 6. Nbd2 O-O 7. c3 b6 8. O-O
Bb7 9. Ne5 c5 10. f4 Rc8 11. Ndf3 h6 12. Bh4 c4 13. Bc2 b5 14. a3 a5 15. g4 Ne4
16. Bxe7 Qxe7 17. Nxd7 Qxd7 18. g5 Qe7 19. Kh1 Kh8 20. gxh6 gxh6 21. Bxe4 dxe4
22. Ne5 Qh4 23. Rg1 Kh7 24. Qe2 Qh3 25. Rg3 Qf5 26. Rag1 Rg8 27. Qg2 Rxg3 28.
Qxg3 Qf6 29. Nd7 Qg6 30. Qh4 1-0

[Event "Torneo Pueblo Nuevo Preparatorio 2007"]
[Site "Madrid ESP"]
[Date "2007.06.02"]
[Round "4.5"]
[White "Sotnikov, Taras"]
[Black "Martin Prieto, Oscar"]
[Result "0-1"]
[WhiteElo "1944"]
[BlackElo "2154"]
[PlyCount "104"]
[EventDate "2007.05.19"]
[EventType "tourn"]
[EventRounds "9"]
[EventCountry "ESP"]
[Source "lmi"]
[SourceDate "2007.05.19"]

1. e4 c5 2. Nf3 d5 3. exd5 Nf6 4. Bb5+ Bd7 5. Bxd7+ Qxd7 6. Nc3 Nxd5 7. Nxd5
Qxd5 8. d4 Nc6 9. dxc5 Qxd1+ 10. Kxd1 O-O-O+ 11. Ke2 f6 12. c3 a5 13. Be3 e5
14. Rhd1 Be7 15. Rxd8+ Rxd8 16. Rd1 Rxd1 17. Kxd1 f5 18. g3 h6 19. h4 Kd7 20.
Nd2 g5 21. hxg5 hxg5 22. f3 Ke6 23. Nc4 e4 24. fxe4 fxe4 25. Ke2 Kd5 26. Nb6+
Ke6 27. Nc4 Kd5 28. Nb6+ Ke6 29. a3 Ne5 30. b4 Nd3 31. Bd4 g4 32. Nc4 axb4 33.
axb4 Nxb4 34. cxb4 Kd5 35. Na5 Kxd4 36. Nxb7 Bf6 37. Nd6 Be5 38. Kf2 Kd3 39.
Nf5 e3+ 40. Nxe3 Bd4 41. c6 Bxe3+ 42. Kf1 Bb6 43. b5 Ke3 44. Kg2 Ke2 45. Kh1
Kf3 46. Kh2 Kf2 47. Kh1 Kxg3 48. c7 Bxc7 49. b6 Bb8 50. b7 Kh3 51. Kg1 g3 52.
Kh1 g2+ 0-1

[Event "Torneo Pueblo Nuevo Preparatorio 2007"]
[Site "Madrid ESP"]
[Date "2007.05.27"]
[Round "5.1"]
[White "Martin Prieto, Oscar"]
[Black "Perez Martinez, Jose Manuel"]
[Result "1/2-1/2"]
[WhiteElo "2154"]
[BlackElo "1984"]
[PlyCount "91"]
[EventDate "2007.05.19"]
[EventType "tourn"]
[EventRounds "9"]
[EventCountry "ESP"]
[Source "lmi"]
[SourceDate "2007.05.19"]

1. c4 Nf6 2. g3 g6 3. Bg2 Bg7 4. e4 d6 5. Ne2 O-O 6. O-O c5 7. Nbc3 Nc6 8. d3
Nd4 9. h3 a6 10. Be3 e5 11. f4 Rb8 12. Nd5 Nxd5 13. exd5 Nf5 14. Bf2 exf4 15.
gxf4 Bxb2 16. Rb1 Bg7 17. d4 cxd4 18. Nxd4 Qa5 19. Nxf5 Bxf5 20. Rb6 Qxa2 21.
c5 dxc5 22. Bxc5 Rfc8 23. Bf2 Qc2 24. d6 Qc3 25. Re1 Rd8 26. Re3 Qc8 27. Re7
Rd7 28. Qb3 Rxe7 29. dxe7 Be6 30. Qa3 Bf6 31. f5 Bxe7 32. Qxe7 Bxf5 33. Qf6 Qd8
34. Bd4 Qxf6 35. Bxf6 a5 36. Kh2 a4 37. Rxb7 Rxb7 38. Bxb7 a3 39. h4 h6 40. Kg3
a2 41. Kf4 Be6 42. Bc6 Bb3 43. Bb5 Be6 44. Bc6 Bb3 45. Bb5 Kh7 46. Bd3 1/2-1/2

[Event "Torneo Pueblo Nuevo Preparatorio 2007"]
[Site "Madrid ESP"]
[Date "2007.06.02"]
[Round "5.3"]
[White "Fernandez Lledo, Javier"]
[Black "Collado Barbas, Alberto"]
[Result "0-1"]
[WhiteElo "1890"]
[BlackElo "1855"]
[PlyCount "42"]
[EventDate "2007.05.19"]
[EventType "tourn"]
[EventRounds "9"]
[EventCountry "ESP"]
[Source "lmi"]
[SourceDate "2007.05.19"]

1. e4 c6 2. d4 d5 3. Nc3 dxe4 4. Nxe4 Nf6 5. Nxf6+ gxf6 6. Be3 Bf5 7. Ne2 e6 8.
Ng3 Bg6 9. h4 h5 10. Be2 Bd6 11. Nxh5 Bxh5 12. Bxh5 Qa5+ 13. Qd2 Qxh5 14. Bf4
Bxf4 15. Qxf4 Qa5+ 16. c3 Nd7 17. b4 Qb5 18. O-O-O O-O-O 19. a4 Qc4 20. Kb2 Nb6
21. Ra1 Qxc3+ 0-1

[Event "Torneo Pueblo Nuevo Preparatorio 2007"]
[Site "Madrid ESP"]
[Date "2007.06.02"]
[Round "5.4"]
[White "Sanchez-Alarcos Galian, Victor"]
[Black "Aziz Ortego, Omar Luis"]
[Result "1-0"]
[WhiteElo "1920"]
[BlackElo "2112"]
[PlyCount "69"]
[EventDate "2007.05.19"]
[EventType "tourn"]
[EventRounds "9"]
[EventCountry "ESP"]
[Source "lmi"]
[SourceDate "2007.05.19"]

1. d4 d5 2. c4 c6 3. Nf3 Nf6 4. e3 Bf5 5. Nc3 e6 6. Nh4 Bg6 7. Nxg6 hxg6 8. Bd2
Nbd7 9. Qb3 Rb8 10. cxd5 exd5 11. Rc1 Bd6 12. h3 Qe7 13. Be2 g5 14. O-O g4 15.
Rfe1 gxh3 16. g3 h2+ 17. Kh1 Bxg3 18. Bf3 Bxf2 19. Re2 Bg1 20. e4 O-O 21. exd5
Qd6 22. Ne4 Nxe4 23. Bxe4 Rbe8 24. Rf1 cxd5 25. Bxd5 Nf6 26. Rxe8 Nxd5 27.
Rxf8+ Kxf8 28. Qxb7 Qe6 29. Re1 Be3 30. Bb4+ Ke8 31. Qb8+ Kd7 32. Qb7+ Kd8 33.
Ba5+ Ke8 34. Qb8+ Ke7 35. Qd8# 1-0

[Event "Torneo Pueblo Nuevo Preparatorio 2007"]
[Site "Madrid ESP"]
[Date "2007.06.02"]
[Round "5.5"]
[White "Collado Barbas, Laura"]
[Black "Prieto Honorato, Juan Maria"]
[Result "1/2-1/2"]
[WhiteElo "1882"]
[BlackElo "2148"]
[PlyCount "161"]
[EventDate "2007.05.19"]
[EventType "tourn"]
[EventRounds "9"]
[EventCountry "ESP"]
[Source "lmi"]
[SourceDate "2007.05.19"]

1. d4 g6 2. c4 Bg7 3. Nc3 d6 4. e4 Nc6 5. Be3 e5 6. d5 Nce7 7. g4 h5 8. g5 f5
9. gxf6 Nxf6 10. Bh3 O-O 11. Bxc8 Qxc8 12. h3 Qd7 13. Nf3 c6 14. Qe2 cxd5 15.
cxd5 Rac8 16. Ng5 a6 17. Ne6 Rf7 18. Rg1 Rxc3 19. bxc3 Nxe4 20. Nxg7 Rxg7 21.
Bh6 Nxc3 22. Qf3 Ncxd5 23. Bxg7 Kxg7 24. Rd1 Nf4 25. Qe3 Nf5 26. Qxe5+ dxe5 27.
Rxd7+ Kh6 28. Rxb7 Nxh3 29. Rh1 Nf4 30. Rb6 h4 31. Rxa6 Kh5 32. Ra3 Nd4 33. Kf1
g5 34. Re3 Kg4 35. a4 Nf3 36. a5 Nd2+ 37. Ke1 Nc4 38. Rb3 Nxa5 39. Rb5 Nc6 40.
Rb3 Nd4 41. Rc3 Nf3+ 42. Kf1 e4 43. Ra3 Nd3 44. Ra2 Kf4 45. Rc2 g4 46. Ra2 h3
47. Rc2 Nh4 48. Ra2 Kf3 49. Ra6 Ng2 50. Rf6+ Ndf4 51. Ra6 e3 52. Ra3 Ne6 53.
fxe3 Nxe3+ 54. Kg1 Nf4 55. Rxe3+ Kxe3 56. Kh2 Kf2 57. Rg1 Ng2 58. Ra1 Ne3 59.
Ra2+ Kf3 60. Ra1 Kf4 61. Re1 Nf5 62. Rd1 Ne3 63. Re1 Nc4 64. Rf1+ Kg5 65. Kg3
Nd6 66. Rf8 Ne4+ 67. Kh2 Nf6 68. Kg3 Nh5+ 69. Kh2 Kh4 70. Rh8 g3+ 71. Kg1 Kg4
72. Rg8+ Kf3 73. Rh8 Nf4 74. Rf8 Ke4 75. Re8+ Kf5 76. Rf8+ Kg5 77. Rg8+ Ng6 78.
Ra8 Ne5 79. Rg8+ Kf4 80. Rf8+ Ke4 81. Re8 1/2-1/2

[Event "Torneo Pueblo Nuevo Preparatorio 2007"]
[Site "Madrid ESP"]
[Date "2007.06.16"]
[Round "6.5"]
[White "Martin Prieto, Oscar"]
[Black "Vazquez Torres, Adrian"]
[Result "1/2-1/2"]
[WhiteElo "2148"]
[BlackElo "1787"]
[PlyCount "125"]
[EventDate "2007.05.19"]
[EventType "tourn"]
[EventRounds "9"]
[EventCountry "ESP"]
[Source "lmi"]
[SourceDate "2007.05.19"]

1. c4 g6 2. Nc3 Bg7 3. g3 Nc6 4. Bg2 Nf6 5. d3 O-O 6. e4 e5 7. Nge2 d6 8. O-O
Ne8 9. Be3 f5 10. Qd2 Nd4 11. f4 c5 12. Rae1 Nf6 13. fxe5 dxe5 14. Bg5 Nxe2+
15. Rxe2 Qd4+ 16. Be3 Qd6 17. Nd5 Nxd5 18. cxd5 Bd7 19. Ref2 fxe4 20. Rxf8+
Rxf8 21. Rxf8+ Qxf8 22. dxe4 Qd6 23. Qa5 Qb6 24. Qc3 Qa6 25. Qxc5 Qxa2 26. Qc1
Qa4 27. h3 Qa5 28. Kh2 Bf8 29. Qg1 b6 30. Qf2 Bg7 31. Qc2 b5 32. Qc5 a6 33. Qe7
Qc7 34. Bc5 Qc8 35. b4 Qe8 36. Qd6 Bc8 37. Qb6 Qd7 38. Bd6 Bf6 39. Qb8 Qe8 40.
Bf3 h5 41. g4 Kh7 42. Qc7+ Kh6 43. g5+ Bxg5 44. Bxe5 Qf8 45. h4 Be3 46. Kg3 g5
47. hxg5+ Kxg5 48. Qg7+ Qxg7 49. Bxg7 h4+ 50. Kh2 Bf4+ 51. Kg2 h3+ 52. Kf2 Bd6
53. Bc3 Kf4 54. Bd2+ Ke5 55. Bc3+ Kf4 56. Bd2+ Ke5 57. Ke3 Kf6 58. Kd4 h2 59.
Be1 Bg4 60. Bg2 Bh3 61. Bf3 Bg4 62. Bg2 Bh3 63. Bf3 1/2-1/2

[Event "Torneo Pueblo Nuevo Preparatorio 2007"]
[Site "Madrid ESP"]
[Date "2007.06.02"]
[Round "7.1"]
[White "Vazquez Torres, Adrian"]
[Black "Perez Martinez, Jose Manuel"]
[Result "0-1"]
[WhiteElo "1787"]
[BlackElo "1984"]
[PlyCount "68"]
[EventDate "2007.05.19"]
[EventType "tourn"]
[EventRounds "9"]
[EventCountry "ESP"]
[Source "lmi"]
[SourceDate "2007.05.19"]

1. e4 e6 2. d3 d5 3. Nd2 c5 4. g3 Nc6 5. Bg2 Nf6 6. Ngf3 Be7 7. O-O O-O 8. Re1
Qc7 9. Nf1 Re8 10. h4 dxe4 11. dxe4 e5 12. Qe2 Nd4 13. Nxd4 cxd4 14. Nh2 Be6
15. Bg5 Rac8 16. Rac1 Red8 17. Bf1 h6 18. Bxf6 Bxf6 19. Ng4 Bxg4 20. Qxg4 Qa5
21. a3 Rxc2 22. Rxc2 Qxe1 23. Rc7 d3 24. Kg2 d2 25. Be2 d1=Q 26. Bxd1 Qxd1 27.
Qf5 Qb3 28. Qh5 Rf8 29. g4 Qd3 30. Qf5 Bxh4 31. Qxe5 Qe2 32. Qf5 g6 33. Qf4 Bg5
34. Qf3 Qxf3+ 0-1

[Event "Torneo Pueblo Nuevo Preparatorio 2007"]
[Site "Madrid ESP"]
[Date "2007.06.16"]
[Round "7.3"]
[White "Sanchez-Alarcos Galian, Victor"]
[Black "Sotnikov, Taras"]
[Result "1/2-1/2"]
[WhiteElo "1920"]
[BlackElo "1944"]
[PlyCount "99"]
[EventDate "2007.05.19"]
[EventType "tourn"]
[EventRounds "9"]
[EventCountry "ESP"]
[Source "lmi"]
[SourceDate "2007.05.19"]

1. d4 Nf6 2. Nf3 e6 3. Bf4 d5 4. e3 Bd6 5. Ne5 O-O 6. Nd2 b6 7. a4 c5 8. c3 Bb7
9. Bd3 Qc7 10. Qf3 Nbd7 11. Nxd7 Nxd7 12. Qh3 f5 13. Bxd6 Qxd6 14. g4 Rf6 15.
gxf5 e5 16. Qg3 exd4 17. Qxd6 Rxd6 18. exd4 Re8+ 19. Kf1 c4 20. Bc2 Bc8 21. Re1
Rxe1+ 22. Kxe1 Rf6 23. Nf1 b5 24. axb5 Nb6 25. Ne3 Bd7 26. Ke2 Bxb5 27. Kf3 a6
28. Kf4 Kf7 29. Ra1 Ke7 30. h4 Kd6 31. Re1 Bd7 32. Ng4 Rf8 33. h5 g6 34. hxg6
hxg6 35. Ne3 Bc8 36. Rg1 gxf5 37. Rg6+ Kc7 38. Bxf5 Bxf5 39. Nxf5 Na4 40. Rxa6
Nxb2 41. Ra5 Nd3+ 42. Kg5 Nxf2 43. Rxd5 Ne4+ 44. Kf4 Nxc3 45. Rc5+ Kd7 46. Rxc4
Nb5 47. Rc5 Nd6 48. Rd5 Rxf5+ 49. Rxf5 Nxf5 50. Kxf5 1/2-1/2

[Event "Torneo Pueblo Nuevo Preparatorio 2007"]
[Site "Madrid ESP"]
[Date "2007.06.16"]
[Round "7.5"]
[White "Prieto Honorato, Juan Maria"]
[Black "Aziz Ortego, Omar Luis"]
[Result "0-1"]
[WhiteElo "2148"]
[BlackElo "2112"]
[PlyCount "50"]
[EventDate "2007.05.19"]
[EventType "tourn"]
[EventRounds "9"]
[EventCountry "ESP"]
[Source "lmi"]
[SourceDate "2007.05.19"]

1. d4 d5 2. c4 c6 3. Nc3 Nf6 4. Nf3 dxc4 5. e4 b5 6. Qc2 Bb7 7. Bg5 a6 8. a4 h6
9. Bf4 e6 10. d5 exd5 11. exd5 Nxd5 12. O-O-O Be7 13. g4 Qa5 14. Be5 O-O 15. g5
hxg5 16. h4 g4 17. Ng5 f5 18. Ne6 Rf7 19. Bg2 Nd7 20. Bxg7 b4 21. Nxd5 cxd5 22.
h5 b3 23. Qe2 Rxg7 24. Nxg7 Bg5+ 25. Rd2 Qxd2+ 0-1

[Event "Torneo Pueblo Nuevo Preparatorio 2007"]
[Site "Madrid ESP"]
[Date "2007.06.16"]
[Round "8.2"]
[White "Collado Barbas, Alberto"]
[Black "Prieto Honorato, Juan Maria"]
[Result "0-1"]
[WhiteElo "1855"]
[BlackElo "2148"]
[PlyCount "78"]
[EventDate "2007.05.19"]
[EventType "tourn"]
[EventRounds "9"]
[EventCountry "ESP"]
[Source "lmi"]
[SourceDate "2007.05.19"]

1. d4 g6 2. e4 Bg7 3. Nc3 d6 4. Be3 Nf6 5. Qd2 Ng4 6. Bf4 e5 7. dxe5 Nxe5 8.
Bh6 Bf6 9. Nd5 Ng4 10. Nxf6+ Qxf6 11. c3 Nxh6 12. Qxh6 Be6 13. Bb5+ Nd7 14.
Bxd7+ Kxd7 15. Nf3 Rae8 16. Qg5 Qg7 17. O-O Kc8 18. e5 dxe5 19. Qxe5 f6 20. Qc5
Kb8 21. Nd4 Bd7 22. a4 Qe7 23. Qa5 Qd6 24. Rfd1 Qb6 25. Qd5 Bg4 26. a5 Qa6 27.
Re1 Qd6 28. Qc4 Bd7 29. Rad1 Be6 30. Qb5 Bd7 31. Qb4 c5 32. Qc4 cxd4 33. cxd4
Qc6 34. Qb3 Qb5 35. Qg3+ Ka8 36. a6 Bc8 37. axb7+ Bxb7 38. Qc7 Qb6 39. Re7 Rc8
0-1